Statistical discrimination and the rationalization of stereotypes (Record no. 518563)

000 -LEADER
fixed length control field 01706nam a22001577a 4500
008 - FIXED-LENGTH DATA ELEMENTS--GENERAL INFORMATION
fixed length control field 210929b ||||| |||| 00| 0 eng d
100 ## - MAIN ENTRY--PERSONAL NAME
Personal name Tilcsik, Andras
245 ## - TITLE STATEMENT
Title Statistical discrimination and the rationalization of stereotypes
260 ## - PUBLICATION, DISTRIBUTION, ETC. (IMPRINT)
Place of publication, distribution, etc American Sociological Review
300 ## - PHYSICAL DESCRIPTION
Extent 86(1), Feb, 2021: p.93-122
520 ## - SUMMARY, ETC.
Summary, etc The theory of statistical discrimination is a dominant social scientific framework for understanding discrimination in labor markets. To date, the literature has treated this theory as a model that merely explains employer behavior. This article contends that the idea of statistical discrimination, rather than simply providing an explanation, can lead people to view social stereotyping as useful and acceptable and thus help rationalize and justify discriminatory decisions. A preregistered survey experiment with more than 2,000 participants who had managerial experience shows that exposure to statistical discrimination theory strengthened people’s belief in the accuracy of stereotypes, their acceptance of stereotyping, and the extent to which they engaged in gender discrimination in a hiring simulation. Reading a critical commentary on the theory mitigated these effects. These findings imply that theories of discrimination, and the language associated with them, can rationalize—or challenge the rationality of—stereotypes and discrimination and, as a result, shape the attitudes and actions of decision-makers in labor markets. – Reproduced
650 ## - SUBJECT ADDED ENTRY--TOPICAL TERM
Topical term or geographic name as entry element Discrimination, Stereotypes, Labor markets, Gender, race, Social theories, Economics
9 (RLIN) 27812
773 ## - HOST ITEM ENTRY
Main entry heading American Sociological Review
906 ## - LOCAL DATA ELEMENT F, LDF (RLIN)
Subject DIP LABOUR MARKETS
942 ## - ADDED ENTRY ELEMENTS (KOHA)
Item type Articles
Holdings
Withdrawn status Lost status Source of classification or shelving scheme Damaged status Not for loan Permanent location Current location Date acquired Serial Enumeration / chronology Barcode Date last seen Koha item type
          Indian Institute of Public Administration Indian Institute of Public Administration 2021-09-29 86(1), Feb, 2021: p.93-122 AR125693 2021-09-29 Articles

Powered by Koha